000 00718nam a22001935i 4500
001 168086
003 ES-MaACL
005 20230906213659.0
008 010309s1870 fr a |||| | fre d
040 _aCAM
_bspa
_cCAM
100 1 _aYriarte, Charles (
_d1833-1898)
_9133995
245 1 4 _aLes tableaux de la guerre /
_cCharles Yriarte ; illustrés par Godefroy Durand, d'après les dessins de l'auteur.
260 _aParis :
_bAlphonse Lemerre,
_c1870 (
_fJ. Claye)
300 _aXVI, 317 p. :
_bil. ;
_c18 cm.
650 0 4 _aGuerra hispano-marroquí, 1859-1860.
_913209
700 1 _aDurand, Godefroy.
_9126884
852 _aES-MaACL
_jD-3743
_z-- Enc. hol. grab.
852 _aES-MaACL
_jD-3511
_z-- Rúst. cromolit.
999 _c168086
_d168086